| LEADER |
00983nam0a2200205 450 |
| 001 |
16848402 |
| 010 |
|
|
|a 978-2-7071-4683-0
|b Br.
|d 21
|
| 100 |
|
|
|a 20070531d2007 u u0frey01 ba
|
| 101 |
0 |
|
|a fre
|
| 102 |
|
|
|a FR
|
| 200 |
0 |
|
|a Iran, la révolution invisible
|f Thierry Coville
|
| 207 |
|
1 |
|a
|
| 210 |
|
|
|a Paris
|c la Découverte
|d 2007
|
| 215 |
|
|
|a 264 p.
|d 24 x 16 cm
|
| 225 |
1 |
|
|a Cahiers libres
|
| 330 |
|
|
|a Une analyse de l'Iran d'aujourd'hui et de ses mutations. Le pays est traversé par des contradictions fortes : soumise à la pression du régime, la société s'est engagée dans un processus de modernisation inéluctable et la poussée des revendications démocratiques se conjugue à la résistance croissante des femmes et aux aspirations de la jeunesse à la liberté.
|
| 700 |
|
0 |
|a Coville
|b Thierry
|4 70
|
| 900 |
|
|
|a Documentaire
|
| 901 |
|
|
|a Accessible au prêt
|
| 995 |
|
|
|a Bibliothèque
|c Bibliothèque
|f 00156006285720
|h 00156006285720
|k 955 COV
|o p
|q a
|r az
|e Bibliothèque
|